| 000 | 00623 a2200217 4500 | ||
|---|---|---|---|
| 003 | OSt | ||
| 005 | 20180116182820.0 | ||
| 008 | 161123b xxu||||| |||| 00| 0 eng d | ||
| 020 | _a8120311388 | ||
| 022 | _a9788120311381 | ||
| 040 | _c0 | ||
| 082 | _a658.5 NAR 1995 | ||
| 100 | _aNarasimhan,Seetharama L. | ||
| 245 |
_aProduction Planning and Inventory Control _cSeetharama L.Narasimhan |
||
| 250 | _a2nd ed. | ||
| 260 |
_aNew Delhi _bPrentice Hall of India _c1995 |
||
| 300 |
_a716p. _bPB. |
||
| 440 | _aProduction Planning and Inventory Control | ||
| 500 | _aPaper cover | ||
| 942 |
_aNBS _cBK _k658.5 NAR 1995 _2ddc |
||
| 999 |
_c346511 _d346511 |
||